000 01161cam a22003375i 4500
001 22966580
003 OSt
005 20231028110840.0
008 230210e202108 ii 001 0 malo
010 _a 2023336009
020 _a9789354329272
025 _aI-Mal-2023336009; 30
037 _bLibrary of Congress -- New Delhi Overseas Office
040 _aDLC
_beng
_erda
_cDLC
_dDLC
042 _alcode
082 _a927.6143
_bMAD/M
100 1 _aMāṭāyi, Tāhā
_eauthor.
_99781
245 1 0 _aMāmukkōya :
_bvāyanakkāruṭe hr̥dayamkavarnna jīvitakatha /
_cTāha Māṭāyi.
264 1 _aKottayam, Kerala State, India :
_bḌi Si Buks,
_cAugust 2021.
300 _a247 pages ;
_c22 cm
336 _atext
_btxt
_2rdacontent
337 _aunmediated
_bn
_2rdamedia
338 _avolume
_bnc
_2rdacarrier
500 _aIncludes index.
520 _aMemoirs of a Malayalam motion picture actor.
530 _aAlso available as an e-book.
546 _aIn Malayalam.
906 _a7
_bpar
_corigode
_d3
_encip
_f20
_gy-gencatlg
942 _2ddc
_cBK
_h927.9143
_iMAD/M
_k927.9143
_mMAD/M
999 _c42923
_d42923